|
|
|
|
| LEADER |
01920nam a2200445 a 4500 |
| 001 |
EBC840636 |
| 003 |
MiAaPQ |
| 005 |
20200520144314.0 |
| 006 |
m o d | |
| 007 |
cr cn||||||||| |
| 008 |
111014s2011 si a sb 100 0 eng d |
| 010 |
|
|
|z 2011410350
|
| 020 |
|
|
|z 9814355704
|
| 020 |
|
|
|z 9789814355704
|
| 020 |
|
|
|a 9789814355711 (electronic bk.)
|
| 035 |
|
|
|a (MiAaPQ)EBC840636
|
| 035 |
|
|
|a (Au-PeEL)EBL840636
|
| 035 |
|
|
|a (CaPaEBR)ebr10524539
|
| 035 |
|
|
|a (CaONFJC)MIL343395
|
| 035 |
|
|
|a (OCoLC)860315930
|
| 040 |
|
|
|a MiAaPQ
|c MiAaPQ
|d MiAaPQ
|
| 050 |
|
4 |
|a HG106
|b .S76 2011
|
| 245 |
0 |
0 |
|a Stochastic analysis, stochastic systems, and applications to finance
|h [electronic resource] /
|c edited by Allanus Tsoi, David Nualart, George Yin.
|
| 260 |
|
|
|a Singapore :
|b World Scientific,
|c c2011.
|
| 300 |
|
|
|a x, 261 p. :
|b ill.
|
| 500 |
|
|
|a "It is an expanded version of papers presented at the first Kansas-Missouri Winter School of Applied Probability, which was organized by Allanus Tsoi and was held at the University of Missouri, February 14 and 15, 2008"--P. vii.
|
| 504 |
|
|
|a Includes bibliographical references.
|
| 505 |
0 |
|
|a pt. 1. Stochastic analysis and systems -- pt. 2. Finance and stochastics.
|
| 533 |
|
|
|a Electronic reproduction. Ann Arbor, MI : ProQuest, 2015. Available via World Wide Web. Access may be limited to ProQuest affiliated libraries.
|
| 650 |
|
0 |
|a Finance
|x Mathematical models
|v Congresses.
|
| 650 |
|
0 |
|a Stochastic systems
|v Congresses.
|
| 650 |
|
0 |
|a Stochastic analysis
|v Congresses.
|
| 655 |
|
4 |
|a Electronic books.
|
| 700 |
1 |
|
|a Tsoi, Allanus Hak-Man,
|d 1955-
|
| 700 |
1 |
|
|a Nualart, David,
|d 1951-
|
| 700 |
1 |
|
|a Yin, George,
|d 1954-
|
| 710 |
2 |
|
|a University of Kansas.
|
| 710 |
2 |
|
|a University of Missouri--Columbia.
|
| 710 |
2 |
|
|a ProQuest (Firm)
|
| 856 |
4 |
0 |
|u https://ebookcentral.proquest.com/lib/matrademy/detail.action?docID=840636
|z Click to View
|